000
00249nam a2200109 a 4500
008
101216s1999|||| d
245
1
0
_a
30 dní pro občanský sektor
260
_b
ICN
_a
Praha
_c
1999
044
_a
xo
_c
SK
041
_a
slo
020
_c
10
999
_c
15284
_d
15284